000 01908cam a22005414i 4500
003 PE-LiUPU
005 20250731184547.0
008 150616s r 000 0 d
020 _a0837932017
035 _a(Sirsi) i9780837932019
040 _aPE-LiUPU
_bspa
_cPE-LiUPU
_erda
049 _aPRUA
082 0 4 _a923.5
_bM26
_221
100 1 _aMarquis, Who's,
_eautor.
245 1 0 _aWho was who in American History the Military.
264 1 _aChicago, Illinois :
_bMarquis Who's Who,
_c1975.
300 _a652 páginas ;
_c26 centímetros
336 _atext
_2rdacontent
337 _aunmediated
_2rdamedia
338 _avolume
_2rdacarrier
490 0 _aBicentennial Edition ;
_v76
504 _aIncluye bibliografía.
505 0 _aPreface -- Abbreviations -- Alphabetical practices.
526 _aP136
526 _aP135
526 _aP134
526 _aP133
526 _aP144
526 _aP143
526 _aP87
526 _aP35
526 _aP20
526 _aP14
526 _aP10
526 _aP06
650 0 4 _aMILITARES - BIOGRAFIAS.
650 0 4 _aMILITARES.
910 _ajck
_bjvq
_cjck
942 _2ddc
_cBOOK
949 _a923.5 M26
_wDEWEY
_c1
_i30193
_f2017-2-16
_g1
_lCCODEBUL1
_mBUL
_r0
_sY
_tBOOK
_u2015-6-16
_xEDUCACION
_PP20
_0COMPRA
_o.STAFF. Colección General
949 _a923.5 M26
_wDEWEY
_c2
_i30194
_lCCODEBUL1
_mBUL
_r0
_sY
_tBOOK
_u2015-6-16
_xEDUCACION
_PP20
_0COMPRA
_o.STAFF. Colección General
994 _aC0
_bPEPRU
596 _a1
999 _a923.5 M26
_wDEWEY
_c39655
_i30193
_f2021-11-12
_g5
_lCCODEBUL1
_mBUL
_r1
_sY
_tBOOK
_u2015-6-16
_xTEOLOGIA
_PP20
_0COMPRA
_o.STAFF. Colección General
_d39655
999 _a923.5 M26
_wDEWEY
_c2
_i30194
_lLOST
_mBUL
_r1
_sY
_tBOOK
_u2015-6-16
_xEDUCACION
_PP20
_0COMPRA
_o.STAFF. Colección General
980 _81
_gALBERTO SANCHEZ Responsable de Automatización